<?xml version="1.0" encoding="UTF-8"?><?xml-stylesheet type="text/xsl" href="static/style.xsl"?><OAI-PMH xmlns="http://www.openarchives.org/OAI/2.0/" xmlns:xsi="http://www.w3.org/2001/XMLSchema-instance" xsi:schemaLocation="http://www.openarchives.org/OAI/2.0/ http://www.openarchives.org/OAI/2.0/OAI-PMH.xsd"><responseDate>2026-04-27T01:50:04Z</responseDate><request verb="GetRecord" identifier="oai:repisalud.isciii.es:20.500.12105/27432" metadataPrefix="marc">https://repisalud.isciii.es/rest/oai/request</request><GetRecord><record><header><identifier>oai:repisalud.isciii.es:20.500.12105/27432</identifier><datestamp>2026-04-18T00:16:12Z</datestamp><setSpec>com_20.500.12105_2052</setSpec><setSpec>com_20.500.12105_2051</setSpec><setSpec>col_20.500.12105_19608</setSpec></header><metadata><record xmlns="http://www.loc.gov/MARC21/slim" xmlns:dcterms="http://purl.org/dc/terms/" xmlns:doc="http://www.lyncode.com/xoai" xmlns:xsi="http://www.w3.org/2001/XMLSchema-instance" xsi:schemaLocation="http://www.loc.gov/MARC21/slim http://www.loc.gov/standards/marcxml/schema/MARC21slim.xsd">
   <leader>00925njm 22002777a 4500</leader>
   <datafield ind2=" " ind1=" " tag="042">
      <subfield code="a">dc</subfield>
   </datafield>
   <datafield ind2=" " ind1=" " tag="720">
      <subfield code="a">Cirera Suárez, Lluís</subfield>
      <subfield code="e">author</subfield>
   </datafield>
   <datafield ind2=" " ind1=" " tag="720">
      <subfield code="a">Maeso Martínez, Sergio</subfield>
      <subfield code="e">author</subfield>
   </datafield>
   <datafield ind2=" " ind1=" " tag="720">
      <subfield code="a">Fernández-Somoano, Ana</subfield>
      <subfield code="e">author</subfield>
   </datafield>
   <datafield ind2=" " ind1=" " tag="720">
      <subfield code="a">Salmerón Martínez, Diego</subfield>
      <subfield code="e">author</subfield>
   </datafield>
   <datafield ind2=" " ind1=" " tag="260">
      <subfield code="c">2026-03-10</subfield>
   </datafield>
   <datafield ind2=" " ind1=" " tag="520">
      <subfield code="a">[ES] Fundamentos: Las causas de defunción son las patologías que el personal médico consigna en los certificados médicos de defunción. La calidad de las causas de defunción es un requisito necesario para la utilidad de la estadística de mortalidad. Es fundamental formar en la correcta cumplimentación médica de las causas de defunción. El objetivo de este trabajo fue evaluar la eficacia de los cursos de certificación de las causas de la defunción a todo médico especialista en formación (MIR). Métodos: Se realizó un estudio epidemiológico observacional descriptivo de la eficacia del aprendizaje en certificación médica mediante dieciocho cursos presenciales evaluados con diseño cuasiexperimental pre y postest, dirigidos a todo MIR y especialidad en España. Evaluamos: escritura legible; secuencia lógica; ausencia de abreviaturas y acrónimos; secuencia causal, sin causas añadidas o no omitidas; y causas inmediata, intermedia, fundamental, otros procesos y causa básica. Se consideró Correcto obtener dos tercios de la puntuación máxima; y Apto, obtener la puntuación correcta en secuencias lógica y causal, sin causas añadidas u omitidas, y las tres causas básicas de los casos iniciales y finales. Se aplicaron técnicas estadísticas bivariantes para indicadores no/emparejados entre pre-postest individuales/agrupados, y multivariantes ajustando por evaluadora y curso. Resultados: Se incluyeron el 96% de casos y el 85% de indicadores emparejados. Los indicadores grupales Forma, Concepto, Resultado y Total mejoraron significativamente. Los análisis ajustados de los casos emparejados pre-postest aumentaron los MIR aptos del 26% al 80%. Conclusiones: Los cursos de certificación MIR de la defunción evidencian eficacia. Se deberían implementar cursos sistemáticos MIR de certificación de las causas de la defunción. [EN] Objective: The causes of death are the pathologies that physicians fill on death certificates. The causes of death quality is a mandatory requirement for useful mortality statistics. To train physicians is essential for the correct fulfillment of death causes. The objective of this paper was to evaluate the efficacy of courses on causes of death certification to all physicians in specialty training. Methods: A descriptive observational epidemiological study was conducted to evaluate the efficacy of medical death certification in eighteen in-person courses using a quasi-experimental pre- and posttest design aimed to all physicians during their specialty training in Spain. We assessed: legible handwriting; logical sequence; absence of abbreviations and acronyms; causal sequence, no added causes, no omitted causes; immediate, intermediate, fundamental causes, other conditions, and underlying cause. Correct toll was the achievement of 2/3 of the maximum score; and Suitable, the achievement of the correct score in logical and causal sequences, without added or omitted causes, and the three underlying causes of initial and final paired cases. We applied bivariate statistics to paired/unpaired indicators between individual/grouped pre-posttests, and multivariate statistics adjusting for evaluator and course. Results: 96% of cases were included, and the 85% paired pre-posttests. The individual indicators grouped into Form, Concept, Result, and Total, improved significantly from the pretest. The matched and adjusted analysis showed a 26% to 80% increase of Suitable physicians in specialty training. Conclusions: The efficacy of the courses on medical certification is assessed. Systematic courses on certification of causes of death for all physicians in specialty training should be implemented.</subfield>
   </datafield>
   <datafield ind1="8" ind2=" " tag="024">
      <subfield code="a">Cirera Suárez L, Maeso Martínez S, Fernández-Somoano A, Salmerón Martínez D. Evaluación de los cursos de certificación de las causas de la defunción para médicos en formación de la especialidad: e202603015es. Rev Esp Salud Pública [Internet]. 19 de marzo de 2026 [citado 17 de abril de 2026];100(1):20 páginas. Disponible en: https://ojs.sanidad.gob.es/index.php/resp/article/view/1473.</subfield>
   </datafield>
   <datafield ind1="8" ind2=" " tag="024">
      <subfield code="a">https://hdl.handle.net/20.500.12105/27432</subfield>
   </datafield>
   <datafield ind1="8" ind2=" " tag="024">
      <subfield code="a">41823104</subfield>
   </datafield>
   <datafield ind1="8" ind2=" " tag="024">
      <subfield code="a">Revista Española de Salud Pública</subfield>
   </datafield>
   <datafield tag="653" ind2=" " ind1=" ">
      <subfield code="a">Cause of death</subfield>
   </datafield>
   <datafield tag="653" ind2=" " ind1=" ">
      <subfield code="a">Data quality</subfield>
   </datafield>
   <datafield tag="653" ind2=" " ind1=" ">
      <subfield code="a">Death certificates</subfield>
   </datafield>
   <datafield tag="653" ind2=" " ind1=" ">
      <subfield code="a">Medical education</subfield>
   </datafield>
   <datafield tag="653" ind2=" " ind1=" ">
      <subfield code="a">Spain</subfield>
   </datafield>
   <datafield tag="653" ind2=" " ind1=" ">
      <subfield code="a">Vital statistics</subfield>
   </datafield>
   <datafield tag="653" ind2=" " ind1=" ">
      <subfield code="a">Educación médica</subfield>
   </datafield>
   <datafield tag="653" ind2=" " ind1=" ">
      <subfield code="a">Certificado de defunción</subfield>
   </datafield>
   <datafield tag="653" ind2=" " ind1=" ">
      <subfield code="a">Causa de muerte</subfield>
   </datafield>
   <datafield tag="653" ind2=" " ind1=" ">
      <subfield code="a">Exactitud</subfield>
   </datafield>
   <datafield tag="653" ind2=" " ind1=" ">
      <subfield code="a">Estadísticas de defunción</subfield>
   </datafield>
   <datafield tag="653" ind2=" " ind1=" ">
      <subfield code="a">España</subfield>
   </datafield>
   <datafield ind2="0" ind1="0" tag="245">
      <subfield code="a">Evaluación de los cursos de certificación de las causas de la defunción para médicos en formación de la especialidad.</subfield>
   </datafield>
</record></metadata></record></GetRecord></OAI-PMH>